Bundesland nach Zehntgrößter Stadt - Statistiken

Allgemein
  • Dieses Quiz wurde 51 mal gespielt
  • Das Durchschnittsergebnis liegt bei 12 aus 13
Antwortstatistiken
Einwohner Bundesland % Korrekt
308.258 Nordrhein-Westfalen
100%
96.182 Baden-Württemberg
96%
75.745 Niedersachsen
94%
73.091 Bayern
92%
65.694 Hessen
92%
17.893 Mecklenburg-Vorpommern
90%
49.564 Rheinland-Pfalz
90%
37.566 Sachsen
90%
34.685 Thüringen
90%
20.197 Saarland
88%
32.167 Sachsen-Anhalt
88%
33.730 Brandenburg
86%
33.519 Schleswig-Holstein
84%
Keine übereinstimmenden Quizze gefunden
Verteilung der Resultate
Anzahl Personen mit jedem Resultat
Perzentil nach korrekt beantworteten Fragen
Ihre Resultats-Entwicklung
Sie haben dieses Quiz noch nicht gespielt